| 000 | 00881nam0a22002651 4500 | ||
|---|---|---|---|
| 001 | rc\153959 | ||
| 005 | 20260406150015.0 | ||
| 010 |
_a5-08-001720-1 _9300000 |
||
| 035 | _a(NLR Aleph) 005421489 | ||
| 090 |
_a7480566 _c7480566 |
||
| 100 | _a20030307d1992 |||y0rusy50 ca | ||
| 101 | 0 | _arus | |
| 102 | _aRU | ||
| 105 | _aa ||||||||| | ||
| 200 | 1 |
_aВот какой рассеянный _eСтихи _e[Для дошк. возраста] _fС. Маршак _gРис. В. Конашевича |
|
| 210 |
_aМ. _cДет. лит. _d1992 |
||
| 215 |
_a14, [1] с. _cцв. ил. _d20 |
||
| 225 | 1 | _aМои первые книжки | |
| 700 | 1 |
_8rus _7ca _aМаршак _bС. Я. _f1887-1964 _gСамуил Яковлевич _3RU\NLR\AUTH\774792 _9114767 |
|
| 801 | 0 |
_aRU _bNLR _gpsbo |
|
| 801 | 1 |
_aRU _bELAR _2rusmarc |
|
| 852 |
_aNLR _j92-4/1720 |
||
| 942 | _cBOOK | ||
| 980 | _aNB | ||